00509nam a2200181 a 450000100060000000300090000600800410001504000280005608200150008410000380009924500220013726000580015930000100021749000230022765000210025065000230027165000330029412737CO-ViMGA141112s2004 ck r 000 u spa d aCO-ViMGAbspacCO-ViMGA04a498.3 C5351 aColombia Ministerio de Gobierno, 10aEstudios Guahibos aLomalinda : bInstituto Linguistico de Verano, c1978 a222p. asintáctica No 1114aCUIBA - SINTAXIS14aGUAHIBO - SINTAXIS14aLENGUAS INDIGENAS - COLOMBIA